Every Provincial Capital of People's Republic of China - Statistics

General Stats
  • This quiz has been taken 11 times
  • The average score is 45 of 66
Answer Stats
Subdivision Period Capital % Correct
Western Sichuan Administrative Region 1950-1952 Chengdu
100%
Sichuan Province 1949-1950 Chengdu
100%
Sichuan Province 1952- Chengdu
100%
Guangdong Province 1949- Guangzhou
100%
Songjiang Province 1949-1953 Harbin
100%
Heilongjiang Province 1954- Harbin
100%
Yunnan Province 1949- Kunming
100%
Tibet Area 1951-1965 Lhasa
100%
Tibet Autonomous Region 1965- Lhasa
100%
Liaoning Province 1954- Shenyang
100%
Xinjiang Province 1949-1955 Urumqi
100%
Xinjiang Uygur Autonomous Region 1955- Urumqi
100%
Hubei Province 1949- Wuhan
100%
Eastern Sichuan Administrative Region 1950-1951 Chongqing
90%
Fujian Province 1949- Fuzhou
90%
Suiyuan Province 1949-1954 Guisui
90%
Hainan Province 1988- Haikou
90%
Southern Anhui Administrative Region 1951-1952 Hefei
90%
Northern Anhui Administrative Region 1949-1952 Hefei
90%
Anhui Province 1952- Hefei
90%
Inner Mongolia Autonomous Region 1954- Hohhot
90%
Jilin Province 1949-1954 Jilin
90%
Jiangsu Province 1952- Nanjing
90%
Guangxi Province 1950-1958 Nanning
90%
Guangxi Zhuang Autonomous Region 1958- Nanning
90%
Taiwan Province 1949- Taipei
90%
Shaanxi Province 1949- Xi'an
90%
Jilin Province 1954- Changchun
80%
Hunan Province 1949- Changsha
80%
Zhejiang Province 1949- Hangzhou
80%
Jiangxi Province 1949- Nanchang
80%
Hebei Province 1968- Shijiazhuang
80%
Shanxi Province 1949- Taiyuan
80%
Ningxia Province 1949-1954 Yinchuan
80%
Ningxia Hui Autonomous Region 1958- Yinchuan
80%
Henan Province 1954- Zhengzhou
80%
Guizhou Province 1949- Guiyang
70%
Shandong Province 1949- Jinan
70%
Gansu Province 1949- Lanzhou
70%
Qinghai Province 1949- Xining
70%
Guangxi Province 1949-1950 Guilin
60%
Henan Province 1949-1954 Kaifeng
60%
Northern Sichuan Administrative Region 1950-1952 Nanchong
60%
Heilongjiang Province 1949-1954 Qiqihar
60%
Hebei Province 1958-1966 Tianjin
60%
Xikang Province 1950-1955 Ya'an
60%
Hebei Province 1949-1958 Baoding
50%
Hebei Province 1966-1968 Baoding
50%
Northern Shaanxi Administrative Region 1949-1950 Yan'an
50%
Liaodong Province 1949-1954 Andong
40%
Jehol Province 1949-1955 Chengde
40%
Northern Jiangsu Administrative Region 1950-1952 Yangzhou
40%
Liaoxi Province 1949-1954 Jinzhou
30%
Songjiang Province 1953-1954 Mudanjiang
30%
Qamdo Region 1950-1956 Qamdo
30%
Northern Jiangsu Administrative Region 1949-1950 Taizhou
30%
Southern Anhui Administrative Region 1949-1951 Wuhu
30%
Southern Jiangsu Administrative Region 1949-1952 Wuxi
30%
Pingyuan Province 1949-1952 Xinxiang
30%
Chahar Province 1949-1952 Zhangjiakou
30%
Inner Mongolia Autonomous Region 1949-1954 Zhangjiakou
30%
Southern Sichuan Administrative Region 1950-1952 Luzhou
20%
Southern Shaanxi Administrative Region 1949-1951 Nanzheng
20%
Southern Anhui Administrative Region 1949 Tunxi
20%
Eastern Sichuan Administrative Region 1951-1952 Beibei
10%
Southern Shaanxi Administrative Region 1949 Yunyang
10%
No matching quizzes found
Score Distribution
Percent of People with Each Score
Percentile by Number Answered
Your Score History
You have not taken this quiz